00891nam a22002417a 4500003000900000005001700009008003000026020001500056040002200071082002500093100003200118245017700150250001300327260004200340300002300382490001900405500008700424534004700511650001300558650002000571650002800591700003000619DO-SdBNP20221101131917.0161031b2001 sp 00| 0 spa d a8479534451 aBPMSUbspacBPMSU 4a158.1bJ66q 20012221 aJohnson, Spencerd1938-201710a¿Quién se ha llevado mi queso? buna manera sorprendente de afrontar el cambio en el trabajo y en la vida privada /c/Spencer Johnson ; traducción Montserrat Gurguí. a24a. ed. aBarcelona : bEmpresa activa, c2001. a106 p. : c23 cm.  0aEmpresa activa aUna empresa sorprendente de afrontar el cambio en el trabajo y en la vida privada. aTítulo original :tWho moved my cheese?. 4aÉxito  4aEstilo de vida. 4aConducta (Psicología)1 aPomares, José M.etrad.